|
|
|
|
| LEADER |
00621nab a2200181 i 4500 |
| 001 |
tisza10428 |
| 005 |
20200330142445.0 |
| 008 |
170612s1979 hu o 0|| hun d |
| 022 |
|
|
|a 0133-1167
|
| 040 |
|
|
|a SZTE Tiszatáj Archívum
|b hun
|
| 041 |
|
|
|a hun
|
| 100 |
1 |
|
|a Csorba Győző
|
| 245 |
1 |
0 |
|a Lecke ; Kegyelem
|h [elektronikus dokumentum] :
|b [versek] ; Parabola : [novella] /
|c Csorba Győző
|
| 260 |
|
|
|c 1979
|
| 300 |
|
|
|a 3-4
|
| 490 |
0 |
|
|a Tiszatáj
|v 33 No. 3
|
| 695 |
|
|
|a Magyar irodalom - vers, Magyar irodalom - novella
|
| 856 |
4 |
0 |
|u http://tiszataj.bibl.u-szeged.hu/10428/1/tiszataj_1979_003_003-004.pdf
|z Dokumentum-elérés
|